[Event "FRA-ch U12"]
[Site "Agen"]
[Date "2022.04.23"]
[Round "8"]
[White "Contie, Lilio"]
[Black "Charlier, Antoine"]
[Result "0-1"]
[WhiteElo "1740"]
[BlackElo "1891"]
[PlyCount "76"]
[EventDate "2022.04.16"]
[EventType "swiss"]
[EventRounds "9"]
[EventCountry "FRA"]
[SourceTitle "EXT 2023"]
[Source "ChessBase"]
[SourceDate "2022.10.05"]
[SourceVersion "1"]
[SourceVersionDate "2022.10.05"]
[SourceQuality "1"]

1. e4 e5 2. Nf3 Nc6 3. Nc3 Nf6 4. h3 d6 5. d4 exd4 6. Nxd4 Bd7 7. Bb5 h6 8. Bf4 Be7 9. Nf5 Bxf5 10. exf5 Qd7 11. Qf3 0-0 12. Bxc6 bxc6 13. Be3 d5 14. Ne2 c5 15. c3 Rfb8 16. b3 a5 17. 0-0 a4 18. Rab1 axb3 19. Rxb3 Rxb3 20. axb3 Rb8 21. Rb1 c4 22. b4 c5 23. Bxh6 Bd6 24. Bd2 cxb4 25. cxb4 Qa4 26. Bc3 Ne4 27. Qg4 Nxc3 28. Nxc3 Qc2 29. f6 g6 30. Qf3 d4 31. Qd5 dxc3 32. Rd1 Bf8 33. Ra1 Qd3 34. Qe5 Bd6 35. Qg5 c2 36. g3 Qd1+ 37. Kh2 Qxa1 38. Qh6 Qxf6 0-1

[Event "FRA-ch U12"]
[Site "Agen"]
[Date "2022.04.22"]
[Round "7"]
[White "Bonelli Maestracci, Pierre Joseph"]
[Black "Contie, Lilio"]
[Result "1-0"]
[WhiteElo "1691"]
[BlackElo "1740"]
[PlyCount "159"]
[EventDate "2022.04.16"]
[EventType "swiss"]
[EventRounds "9"]
[EventCountry "FRA"]
[SourceTitle "EXT 2023"]
[Source "ChessBase"]
[SourceDate "2022.10.05"]
[SourceVersion "1"]
[SourceVersionDate "2022.10.05"]
[SourceQuality "1"]

1. e4 d5 2. exd5 Qxd5 3. Nf3 Bg4 4. Be2 Nc6 5. c4 Qa5 6. 0-0 0-0-0 7. Nc3 e6 8. b3 Nf6 9. Bb2 Qf5 10. Nb5 a6 11. Nbd4 Nxd4 12. Nxd4 Bxe2 13. Qxe2 Qf4 14. Nf3 h5 15. d4 Be7 16. c5 Rdg8 17. c6 g5 18. cxb7+ Kxb7 19. Ne5 Ng4 20. g3 Qf5 21. Qc4 Nxe5 22. dxe5 Qf3 23. Rac1 c6 24. Rc3 Qd5 25. Rfc1 Rc8 26. Qe2 h4 27. Rd1 Qb5 28. Qxb5+ axb5 29. Rf3 hxg3 30. fxg3 Bc5+ 31. Kg2 Rc7 32. a3 Kc8 33. b4 Bf8 34. Rdf1 Rh7 35. Bc1 Bh6 36. Rf6 Rd7 37. h4 Bg7 38. Rxf7 gxh4 39. gxh4 Bxe5 40. Rxh7 Rxh7 41. Bg5 Bb2 42. Rb1 Bxa3 43. Rb3 Ra7 44. Kf3 Kd7 45. h5 Ke8 46. h6 Kf7 47. Ke4 Kg6 48. Bf4 Ra4 49. Bd6 Kxh6 50. Ke5 Bc1 51. Kxe6 Ra6 52. Bc5 Bg5 53. Kd7 Bd2 54. Kc7 Ra8 55. Kb7 Re8 56. Kxc6 Rb8 57. Bd6 Rd8 58. Rd3 Bg5 59. Kxb5 Kg6 60. Kc6 Bh4 61. Rd2 Be1 62. Rg2+ Kf5 63. b5 Ba5 64. Ra2 Ke6 65. Rxa5 Rxd6+ 66. Kb7 Rd7+ 67. Ka6 Kd6 68. b6 Kc6 69. Ra2 Rd3 70. Rc2+ Kd7 71. Rc4 Rd1 72. Ra4 Kc8 73. Ka7 Rb1 74. Ra6 Rb4 75. Ra2 Rb1 76. Rc2+ Kd7 77. Rh2 Kc6 78. Rh6+ Kd7 79. b7 Kc7 80. b8Q+ 1-0

[Event "FRA-ch U12"]
[Site "Agen"]
[Date "2022.04.21"]
[Round "6"]
[White "Contie, Lilio"]
[Black "Motoyama, Wesley Winsen"]
[Result "1-0"]
[WhiteElo "1740"]
[BlackElo "1724"]
[PlyCount "91"]
[EventDate "2022.04.16"]
[EventType "swiss"]
[EventRounds "9"]
[EventCountry "FRA"]
[SourceTitle "EXT 2023"]
[Source "ChessBase"]
[SourceDate "2022.10.05"]
[SourceVersion "1"]
[SourceVersionDate "2022.10.05"]
[SourceQuality "1"]

1. e4 c5 2. c3 d5 3. exd5 Qxd5 4. Nf3 Nf6 5. d4 Bg4 6. dxc5 Qxc5 7. h3 Bxf3 8. Qxf3 Qc6 9. Qxc6+ Nxc6 10. Bc4 e6 11. 0-0 Be7 12. Nd2 0-0 13. Nf3 Rfd8 14. Bf4 Nd5 15. Bg3 Nb6 16. Bb3 Rac8 17. Rac1 Bf6 18. Rfd1 Rxd1+ 19. Bxd1 Na5 20. Kf1 Nac4 21. b3 Nb2 22. c4 Nd3 23. Rb1 Kf8 24. Be2 Nb4 25. a4 Ke8 26. Nd2 Rd8 27. Ne4 Be7 28. a5 Nc8 29. Be5 f6 30. Bc3 Na2 31. Ra1 Nxc3 32. Nxc3 Nd6 33. Bf3 Rb8 34. Ke2 Kd7 35. Rd1 Kc7 36. c5 Nf7 37. Nb5+ Kc8 38. Nxa7+ Kc7 39. Nb5+ Kc8 40. b4 Nd8 41. Na7+ Kc7 42. b5 Bxc5 43. b6+ Bxb6 44. Nb5+ Kc8 45. axb6 Ra8 46. Na7+ 1-0